书目信息 |
| 题名: |
过剩:资本主义的系统性危机
|
|
| 作者: | 小山 著 ;童晋 译 | |
| 分册: | ||
| 出版信息: | 北京 社会科学文献出版社 2016 |
|
| 页数: | 158页 | |
| 开本: | 24cm | |
| 丛书名: | 世界社会主义研究丛书 | |
| 单 册: | ||
| 中图分类: | F039 | |
| 科图分类: | ||
| 主题词: | 资本主义经济--zi ben zhu yi jing ji--经济危机--研究 | |
| 电子资源: | ||
| ISBN: | 978-7-5097-9082-3 | |
| 000 | 01297nam0 22003011 450 | |
| 001 | 0109172422 | |
| 005 | 20170309172422.0 | |
| 010 | @a978-7-5097-9082-3@dCNY59.00 | |
| 100 | @a20160530d2016 em y0chiy50 ea | |
| 101 | 1 | @achi@ceng |
| 102 | @aCN@b110000 | |
| 105 | @ay z 000yy | |
| 106 | @ar | |
| 200 | 1 | @a过剩:资本主义的系统性危机@9guo sheng zi ben zhu yi de xi tong xing wei ji@dA surfeit of stuff: capitalism in a systemic crisis@f(美)山村耕造(Michael S. Koyama)著@g童晋译@zeng |
| 210 | @a北京@c社会科学文献出版社@d2016 | |
| 215 | @a158页@d24cm | |
| 225 | 2 | @a世界社会主义研究丛书@9shi jie she hui zhu yi yan jiu cong shu@i参考系列@v82 |
| 300 | @a中国社会科学院创新工程学术出版资助项目 国家社科基金特别委托项目 | |
| 305 | @a经山村耕造授权翻译出版 | |
| 330 | @a本书包括资本主义国家的经济停滞、经济失衡挑战民主政治、资本主义国家深陷环境危机、美国之政治无力与经济不公、经济陷入长期停滞的日本等内容。 | |
| 461 | 0 | @12001 @a世界社会主义研究丛书 |
| 510 | 1 | @aSurfeit of stuff: capitalism in a systemic crisis@zeng |
| 606 | 0 | @a资本主义经济@9zi ben zhu yi jing ji@x经济危机@x研究 |
| 690 | @aF039@v5 | |
| 701 | 0 | @c(美)@a小山@9xiao shan@c(Koyama, Michael S.@f1934~)@4著 |
| 702 | 0 | @a童晋@9tong jin@4译 |
| 801 | 0 | @aCN@bTANGWEI@c20170308 |
| 905 | @b0953388-91@dF039@e59@f4 | |
| 过剩:资本主义的系统性危机=A surfeit of stuff: capitalism in a systemic crisis/(美)山村耕造(Michael S. Koyama)著/童晋译.-北京:社会科学文献出版社,2016 |
| 158页;24cm.-(世界社会主义研究丛书.参考系列;82) |
| 中国社会科学院创新工程学术出版资助项目 国家社科基金特别委托项目 |
| ISBN 978-7-5097-9082-3:CNY59.00 |
| 本书包括资本主义国家的经济停滞、经济失衡挑战民主政治、资本主义国家深陷环境危机、美国之政治无力与经济不公、经济陷入长期停滞的日本等内容。 |
| ● |
| 相关链接 |
|
|
|
|
正题名:过剩:资本主义的系统性危机
索取号:F039/59
 
预约/预借
| 序号 | 登录号 | 条形码 | 馆藏地/架位号 | 状态 | 备注 |
| 1 | 0953388 | 209533888 | 第一样本阅览室/ [索取号:F039/59] | 在馆 | |
| 2 | 0953389 | 209533897 | 第一借阅区/ [索取号:F039/59] | 在馆 | |
| 3 | 0953390 | 209533904 | 第一借阅区/ [索取号:F039/59] | 在馆 | |
| 4 | 0953391 | 209533913 | 第一借阅区/ [索取号:F039/59] | 在馆 |